Indian aircraft industry / (Record no. 52845)

MARC details
000 -LEADER
fixed length control field 01172nam a22003017a 4500
005 - DATE AND TIME OF LATEST TRANSACTION
control field 20110613113350.0
008 - FIXED-LENGTH DATA ELEMENTS--GENERAL INFORMATION
fixed length control field 110613t xxu||||| |||| 00| 0 eng d
010 ## - LCCN (DPL NO)
LC control number ENG-102585
020 ## - INTERNATIONAL STANDARD BOOK NUMBER
International Standard Book Number 9789380502519
Terms of availability 880.00
035 ## - SYSTEM CONTROL NUMBER
System control number EN-86118
037 ## - SOURCE OF ACQUISITION
Source of stock number/acquisition DBAD / PUB
040 ## - CATALOGING SOURCE
Original cataloging agency dpl
Language of cataloging English
082 ## - DEWEY DECIMAL CLASSIFICATION NUMBER
Classification number 338.47629133340954
100 ## - MAIN ENTRY--PERSONAL NAME
9 (RLIN) 28493
Personal name Jasjit Singh
110 ## - MAIN ENTRY--CORPORATE NAME
9 (RLIN) 28532
245 ## - TITLE STATEMENT
Title Indian aircraft industry /
Statement of responsibility, etc by Jasjit Singh
260 ## - PUBLICATION, DISTRIBUTION, ETC. (IMPRINT)
Place of publication, distribution, etc New Delhi
Name of publisher, distributor, etc KW Publishers in association with Centre for Air Power Studies
Date of publication, distribution, etc 2011
270 ## - ADDRESS
Address 4676/21, First Floor, Ansari Road, Daryaganj
City New Delhi
Postal code 110002
Telephone number 91.11.23263498/43528107
300 ## - PHYSICAL DESCRIPTION
Extent xviii, 293 p.
Dimensions 24cm (Hb)
Other physical details ill.
500 ## - GENERAL NOTE
General note Includes bibliographical references and index.
610 ## - SUBJECT ADDED ENTRY--CORPORATE NAME
9 (RLIN) 28529
650 ## - SUBJECT ADDED ENTRY--TOPICAL TERM
Topical term or geographic name as entry element Aircraft industry
Geographic subdivision India.
9 (RLIN) 28580
651 ## - SUBJECT ADDED ENTRY--GEOGRAPHIC NAME
9 (RLIN) 28530
700 ## - ADDED ENTRY--PERSONAL NAME
9 (RLIN) 28520
710 ## - ADDED ENTRY--CORPORATE NAME
9 (RLIN) 28535
Corporate name or jurisdiction name as entry element Centre for Air Power Studies (New Delhi, India)
942 ## - ADDED ENTRY ELEMENTS (KOHA)
Source of classification or shelving scheme Dewey Decimal Classification
Item type English Books
Classification part 338.47629133340954
Call number suffix JAS
Holdings
Withdrawn status Lost status Source of classification or shelving scheme Damaged status Not for loan Collection code Home library Current library Date acquired Source of acquisition Cost, normal purchase price Total Checkouts Full call number Barcode Date last seen Copy number Cost, replacement price Koha item type
    Dewey Decimal Classification   Not For Loan Non-fiction D.B.Act.Division D.B.Act.Division 13/06/2011 DBAD/PUB 880.00   338.47629133340954 JAS EN-86118 13/06/2011 1 880.00 English Books

© Delhi Public Library
Hit Counter
free hit counter